Theory of Machines and Mechanisms (Record no. 6089)

000 -LEADER
fixed length control field 00718nam a2200253 a 4500
003 - CONTROL NUMBER IDENTIFIER
control field PK-NaQUE
005 - DATE AND TIME OF LATEST TRANSACTION
control field 20250922153513.0
008 - FIXED-LENGTH DATA ELEMENTS--GENERAL INFORMATION
fixed length control field 250922b ||||| |||| 00| 0 eng d
020 ## - INTERNATIONAL STANDARD BOOK NUMBER
International Standard Book Number 019515598X
020 ## - INTERNATIONAL STANDARD BOOK NUMBER
International Standard Book Number 9780195155983
040 ## - CATALOGING SOURCE
Transcribing agency QUEST
100 1# - MAIN ENTRY--PERSONAL NAME
Personal name Uicker, John Joseph
245 10 - TITLE STATEMENT
Title Theory of Machines and Mechanisms
250 ## - EDITION STATEMENT
Edition statement 2nd edition
260 ## - PUBLICATION, DISTRIBUTION, ETC. (IMPRINT)
Place of publication, distribution, etc [S.l.] :
Name of publisher, distributor, etc MCGRAW HILL INTERNATIONAL ED,
Date of publication, distribution, etc 1995.
300 ## - PHYSICAL DESCRIPTION
Extent 1 v. (unpaged)
650 ## - SUBJECT ADDED ENTRY--TOPICAL TERM
Topical term or geographic name as entry element Mechanical engineering
650 ## - SUBJECT ADDED ENTRY--TOPICAL TERM
Topical term or geographic name as entry element Machinery
650 ## - SUBJECT ADDED ENTRY--TOPICAL TERM
Topical term or geographic name as entry element Mechanical movements
700 ## - ADDED ENTRY--PERSONAL NAME
Personal name Shigley, Joseph Edward
700 ## - ADDED ENTRY--PERSONAL NAME
Personal name Pennock, G. R
856 40 - ELECTRONIC LOCATION AND ACCESS
Uniform Resource Identifier http://10.10.170.122:8080/browse/book/1913
Link text Download eBook
942 ## - ADDED ENTRY ELEMENTS (KOHA)
Koha item type Books
Source of classification or shelving scheme
Holdings
Withdrawn status Lost status Damaged status Not for loan Permanent Location Current Location Date acquired Full call number Barcode Date last seen Price effective from Koha item type Total Checkouts Date checked out
        Central Library, QUEST, Nawabshah Central Library, QUEST, Nawabshah 2014-06-11 621.81SHI 26532 2014-06-11 2014-06-11 Books    
        Central Library, QUEST, Nawabshah Central Library, QUEST, Nawabshah 2014-06-11 621.81SHI 26534 2014-06-11 2014-06-11 Books    
        Central Library, QUEST, Nawabshah Central Library, QUEST, Nawabshah 2014-07-21 621.81SHI 23904 2014-07-21 2014-07-21 Books    
        Central Library, QUEST, Nawabshah Central Library, QUEST, Nawabshah 2014-07-21 621.81SHI 23905 2014-07-21 2014-07-21 Books    
        Seminar Library, Mechanical Engg. Seminar Library, Mechanical Engg. 2014-07-21 621.81SHI 23906 2014-07-21   Books    
        Seminar Library, Mechanical Engg. Seminar Library, Mechanical Engg. 2014-08-06 621.81SHI 21736 2014-08-06   Books    
        Central Library, QUEST, Nawabshah Stacks area 2014-06-11 621.81SHI 26533 2017-09-28   Books 2 2017-09-05
        Central Library, QUEST, Nawabshah Stacks area 2014-08-06 621.81SHI 21737 2014-08-06   Books    

Copyright © 2018,The QUEST, Nawabshah, Shaheed Benazirabad. All rights reserved
Mr. G. Farooq Channar (Librarian) QUEST, Nawabshah, Sindh, Pakistan 67480.
 Ph#: |   0244-9370381-4 Ext. 2308   Email| lib@quest.edu.pk   Web|  http://www.quest.edu.pk